Normal view
MARC view
- اللجان القطاعية الوطنية لحماية البيئة في الاردن
Entry Personal Name
001 - CONTROL NUMBER
- control field: 52653
003 - CONTROL NUMBER IDENTIFIER
- control field: JO-AjAnu
005 - DATE AND TIME OF LATEST TRANSACTION
- control field: 20230606082643.0
008 - FIXED-LENGTH DATA ELEMENTS
- fixed length control field: 230606|| aca||aabn | a|a d
040 ## - CATALOGING SOURCE
- Original cataloging agency: JO-AjAnu
- Transcribing agency: JO-AjAnu
100 ## - HEADING--PERSONAL NAME
- Personal name: اللجان القطاعية الوطنية لحماية البيئة في الاردن
670 ## - SOURCE DATA FOUND
- Source citation: Work cat.: (JO-AjAnu)26905: اللجان القطاعية الوطنية لحماية البيئة في الاردن , author, الاستراتيجية الوطنية لحماية البيئة في الاردن